NFPA 2 : hydrogen technologies code 2020.

Guardat en:
Dades bibliogràfiques
Autor corporatiu: National Fire Protection Association (Autor)
Format: Desconegut
Publicat: Quincy, Mass., United States: National Fire Protection Association, 2020.
Edició:2020 edition.
Matèries:
Etiquetes: Afegir etiqueta
Sense etiquetes, Sigues el primer a etiquetar aquest registre!

MARC

LEADER 00000 a2200000 4500
003 CL-VaPUC
005 20220915102739.0
008 220818t2020 ||||| |||| 00| 0 eng d
999 |c 438376  |d 438374 
020 |a S/I 
040 |c Pontificia Universidad Católica de Valparaíso 
082 7 |a 665.812 NAT 2020  |2 22 
110 |a National Fire Protection Association  |9 875729  |e author 
245 |a NFPA 2 : hydrogen technologies code 2020. 
250 |a 2020 edition.  
260 |a Quincy, Mass., United States:  |b National Fire Protection Association,  |c 2020.  
300 |a 235 páginas.  
500 |a "This edition of NFPA 2, Hydrogen technologies code, was prepared by the Technical Committee on Hydrogen Technology. It was issued by the Standards Council on June 10, 2019, with an effective date of June 30, 2019, and supersedes all previous editions." -- Page 1. "This edition of NFPA 2 was approved as an American National Standard on June 30, 2019." -- Page 1. 
583 |k Cristina María Rojas Aguilar  |c 20220818 
650 |a Hidrógeno  |x Medidas de seguridad   |x Estándares   |z Estados Unidos   |9 875730 
650 |a Hidrógeno   |x Almacenamiento   |x Estándares   |z Estados Unidos   |9 875731 
650 |a Hidrógeno como combustible   |x Estándares   |z Estados Unidos   |9 875732 
650 |a Prevención de incendios  |x Normas   |z Estados Unidos   |9 875733 
942 |2 ddc  |c BK 
952 |0 0  |1 0  |2 ddc  |4 0  |6 665_812000000000000_NAT_2020  |7 0  |8 A  |9 586293  |a BIBMEC  |b BIBMEC  |c GEN  |d 2022-08-18  |e 165  |g 126028.81  |i 5654198  |o 665.812 NAT 2020  |p 5654198  |r 2024-01-19  |t 1  |v 126028.81  |w 2022-08-18  |y BK  |k MEC